000 00934nas a2200289 4500
001 BR2019001924
003 BR-BrBNA
005 20231205132010.0
007 ta
008 230509b bl.|||p| |||| 00| 00por d
040 _aBR-BrBNA
_bpor
_cBiblioteca Nacional de Agricultura
041 _a(En)
072 _aQ04
100 1 _aCelant, V.M.
100 1 _aBraga, G.C.
100 1 _aVorpagel, J.A.
100 1 _aSalibe, A.B.
245 1 _aPhenolic composition and antioxidant capacity of aqueous and ethanolic extracts of blackberries
650 _aAMORA PRETA
650 _aCOMPOSIÇÃO QUÍMICA
650 _aCOMPOSTO FENÓLICO
650 _aANTOCIANINA
773 0 _tRevista Brasileira de Fruticultura (Brazil)
_xISSN 1806-9967
_g(2016), v. 38(2) p. 1-8
_wBR2019001924
856 4 0 _uhttp://www.scielo.br/pdf/rbf/v38n2/0100-2945-rbf-38-2-e-411.pdf
909 _a202311
_bLúcia
_c55
_dLúcia Elande
942 _2AGRIS
_n0
_cANA
999 _c257888
_d257888